000 00311nam a22001337a 4500
008 181101b xxu||||| |||| 00| 0 eng d
020 _a9780721695488
041 _aeng
080 _24th
_a610
100 _a4
101 _aSHM
245 _aPrinciples of Pulmonary Medicine
_cWeinberger,S.E
942 _2udc
_cBK
999 _c51416
_d51416